Skoki Narciarskie - Zdobywcy Podium z Polski (2010-2019) - Statystyki

Ogólne statystyki
  • Ten quiz został rozwiązany 211 razy
  • Średni wynik to 6 z 7
Statystyki odpowiedzi
Liczba podiów Lata aktywności Skoczek % Poprawnych
68 2004- Kamil Stoch
100%
11 2006- Piotr Żyła
100%
14 1994-2011 Adam Małysz
99%
10 2009- Dawid Kubacki
99%
3 2007- Maciej Kot
93%
2 2011-2017 Jan Ziobro
80%
1 2013-2016 Krzysztof Biegun
73%
Nie znaleziono quizów pasujących do podanych kryteriów
Rozkład punktacji
Procent ludzi z każdym wynikiem
Percentyl według liczby udzielonych odpowiedzi
Twoja historia wyników
Nie rozwiązałeś tego quizu